000 00474pab a2200157 454500
008 180718b2007 xxu||||| |||| 00| 0 eng d
100 _aAdkins, Barbare
245 _aEcologies of innovation: symbolic aspects of cross-organizational linkages in the design sector in an Australian inner-city area
260 _c2007
300 _ap.922-34.
362 _aMar
650 _aKnowledge management
773 _aAmerican Behavioral Scientist
908 _aN
909 _a73479
999 _c73479
_d73479